[Event "CZE-ch U16 Girls"]
[Site "Kouty nad Desnou"]
[Date "2024.03.15"]
[Round "8"]
[White "Vacekova, Anita"]
[Black "Dorazilova, Kristyna"]
[Result "0-1"]
[WhiteElo "1783"]
[BlackElo "1722"]
[PlyCount "42"]
[EventDate "2024.03.09"]
[EventType "swiss"]
[EventRounds "9"]
[EventCountry "CZE"]
[SourceTitle "CB12_2024"]
[SourceDate "2023.10.01"]
[SourceVersion "1"]
[SourceVersionDate "2023.10.01"]
[SourceQuality "1"]

1. e4 c6 2. d4 d5 3. e5 Bf5 4. h4 h5 5. Nf3 e6 6. Bg5 Qc7 7. Bd3 Bxd3 8. Qxd3 Nd7 9. Nbd2 c5 10. c3 c4 11. Qe2 Be7 12. 0-0 Bxg5 13. Nxg5 Ne7 14. Rfb1 Nf5 15. g3 g6 16. Nf1 b5 17. Ne3 Ke7 18. a4 a6 19. Nxd5+ exd5 20. e6 Nxg3 21. exd7+ Nxe2+ 0-1

[Event "Pardubice Czech op-E 34th"]
[Site "Pardubice"]
[Date "2023.07.15"]
[Round "5"]
[White "Hampl, Pavel"]
[Black "Vacekova, Anita"]
[Result "1-0"]
[WhiteElo "1631"]
[BlackElo "1564"]
[PlyCount "79"]
[EventDate "2023.07.13"]
[EventType "team-swiss"]
[EventRounds "7"]
[EventCountry "CZE"]
[SourceTitle "CBM 215 Extra"]
[Source "ChessBase"]
[SourceDate "2023.09.30"]
[SourceVersion "1"]
[SourceVersionDate "2023.09.30"]
[SourceQuality "1"]
[WhiteTeam "Hostalkova"]
[BlackTeam "Grygov A64 Valoz"]
[WhiteTeamCountry "CZE"]
[BlackTeamCountry "CZE"]

1. e4 e5 2. Nf3 Nc6 3. d4 exd4 4. Bc4 Nf6 5. Ng5 d5 6. exd5 Nxd5 7. Qe2+ Nce7 8. 0-0 h6 9. Nf3 Nb6 10. Ne5 Nxc4 11. Qxc4 Qd5 12. Qxc7 Be6 13. c4 Qe4 14. Nd2 Qf5 15. Qxb7 Rd8 16. Nc6 Nxc6 17. Qxc6+ Bd7 18. Re1+ Be7 19. Qd6 Be6 20. Qc6+ Bd7 21. Qe4 Qxe4 22. Nxe4 0-0 23. Bf4 Bb4 24. Red1 Bf5 25. f3 Rfe8 26. a3 Bxe4 27. fxe4 Bc5 28. b4 Rxe4 29. Bg3 Be7 30. Rd3 Re3 31. Rad1 Rxd3 32. Rxd3 Bf6 33. c5 Rc8 34. Kf2 a5 35. Bd6 axb4 36. axb4 Ra8 37. c6 Ra2+ 38. Kf3 Rc2 39. c7 Bg5 40. Bc5 1-0